Network analysis : for 3rd sem strictly according to the revised syllabus of VTU 2006 course (Record no. 187992)

MARC details
000 -LEADER
fixed length control field 00489nam a2200157Ia 4500
005 - DATE AND TIME OF LATEST TRANSACTION
control field 20250327134116.0
008 - FIXED-LENGTH DATA ELEMENTS--GENERAL INFORMATION
fixed length control field 231217s9999 xx 000 0 und d
020 ## - INTERNATIONAL STANDARD BOOK NUMBER
International Standard Book Number 9788184312638
082 ## - DEWEY DECIMAL CLASSIFICATION NUMBER
Classification number 621.3192 BAK;4 R
100 ## - MAIN ENTRY--PERSONAL NAME
Personal name Bakshi, Uday A Bakshi, Ajay V.
245 #0 - TITLE STATEMENT
Title Network analysis : for 3rd sem strictly according to the revised syllabus of VTU 2006 course
250 ## - EDITION STATEMENT
Edition statement 1st ed.
260 ## - PUBLICATION, DISTRIBUTION, ETC. (IMPRINT)
Date of publication, distribution, etc. 2009
Name of publisher, distributor, etc. Technical Publications,
Place of publication, distribution, etc. Pune
300 ## - PHYSICAL DESCRIPTION
Extent xii, 8-100, P-36
942 ## - ADDED ENTRY ELEMENTS (KOHA)
Koha item type Books
Holdings
Date last seen Total Checkouts Full call number Accession number Old discount Cost, replacement price Price effective from Category Lost status Damaged status Department Withdrawn status bill no. bill date Permanent Location Current Location Shelving location Entry date Vendor Cost, normal purchase price Grants Currency symbol Conversion rate Discount Discount type
26/01/2024   621.3192 BAK;4 R 70012 25 262.50 26/01/2024 Books     Central Library   SBH/CRB/064731 25/02/2014 Central Library Central Library Central Library 28/08/2010 Sapna Book House 350.00 EC RS 1 87.5 Rupees

© For any Suggestions or Query, please contact the library staff @ librarian@pes.edu or Phone: +9180 2672 1983/ 2108.